000
00338pab a2200133 454500
008
180718b xxu||||| |||| 00| 0 eng d
100
_a
Thomas T.
245
_a
Democracycracy
362
_a
26 Oct 93, p.6
650
_a
Governement and Politics -- India
650
_a
Democracy
773
_a
Economic Times
909
_a
25869
999
_c
25869
_d
25869